000 01035nam a2200253 a 4500
003 BD-DhJNU
005 20251215064909.0
008 251108s2022 bg |||g |||| 000 1|ben|d
020 _a9789848966853
020 _a9789849610212
040 _aBD-DhJNU
_bben
_cBD-DhJNU
_dBD-DhJNU
041 _aben
082 _a781.6209 KAR
_223
100 _aকবীর, জাহিদুল
245 1 0 _aরাধারমণ দত্ত লোকদর্শন ও গীতিরূপ বিশ্লেষণ /
_cজাহিদুল কবীর
246 _aRadharomon Dotto Lokodorshon o Gitirup Bisleshon
250 _a1st ed.
260 _aঢাকা :
_bহাওলাদার প্রকাশনী,
_c2022.
300 _a২২৪ পৃ. :
_bচিত্র ;
_c২২ সেমি.।
504 _aগ্রন্থপঞ্জিগত নির্দেশিকা ও নিঘন্ট অন্তভূক্ত
650 _aলোকদর্শন
650 _aFolk philosophy
942 _cBK
999 _c2442
_d2442